Clic Des titres de film avec des noms de fruits - Statistiques

Statistiques générales
  • Ce quiz a été pris 38 fois
  • Le résultat moyen est 8 sur 60
Statistiques - réponses
Hint Réponse % Correct
(...) de coco Noix
70%
Chapeau (...) et bottes de cuir Melon/melons
67%
Tintin et les (...) bleues Orange/oranges
67%
Mi-fugue mi-(...) Raisin/raisins
55%
(...) sanguines Orange/oranges
48%
Le temps des (...) Cerise/cerises
45%
Le canard à l'(...) Orange/oranges
36%
Opération casse-(...) Noisette/noisettes
30%
Les (...) de la colère Raisin/raisins
30%
L'(...) de Noël Orange/oranges
27%
Peau de (...) Pêche/pêches
27%
Vanille (...) Fraise/fraises
24%
L'île d'(...) Abricot/abricots
21%
La glace au (...) Citron/citrons
21%
Peau de '...) Banane/bananes
18%
Omar la (...) Fraise/fraises
18%
Un (...) pour Joe Pruneau/pruneaux
18%
Schlock, le tueur à la (...) Banane/bananes
12%
Les (...) sauvages Fraise/fraises
12%
Il était une (...) Noix
12%
James et la (...) géante Pêche/pêches
12%
Fifi, peau de (...) Pêche/pêches
9%
Trocadéro bleu (...) Citron/citrons
6%
Des (...) et du sang Fraise/fraises
6%
(...) et chocolat Fraise/fraises
6%
La saison des (...) Goyave/goyaves
6%
Le goût des (...) Myrtille/myrtilles
6%
La saveur de la (...) Pastèque/pastèques
6%
Bonne (...) Pomme/pommes
6%
La reine des (...) Pomme/pommes
6%
Le goût de la (...) Cerise/cerises
3%
La saveur des (...) Coing/coings
3%
Quelques kilos de (...) pour un enterrement Datte/dattes
3%
Des (...) en avril Figue/figues
3%
Comme un pot de (...) Fraise/fraises
3%
Sayat Nova - La couleur de la (...) Grenade/grenades
3%
La (...) Grenade/grenades
3%
Le village des [...) rouges Kaki/kakis
3%
(...) et la lettre au Père Noël Myrtille/myrtilles
3%
Trois (...) pour Cendrillon Noisette/noisettes
3%
14 (...) Pomme/pommes
3%
Les (...) rouges Pomme/pommes
3%
(...) sauvage Prune/prunes
3%
Poulet aux (...) Prune/prunes
3%
Les (...) de la mort Raisin/raisins
3%
(...) amères Cerise/cerises
0%
Au temps des (...) Châtaigne/châtaignes
0%
La grande (...) Châtaigne/châtaignes
0%
(...) tango Clémentine/clémentines
0%
Sous les (...) Figue/figues
0%
La blonde (...) Framboise/framboises
0%
La (...) Mandarine/mandarines
0%
L'odeur de la '...) Mandarine/mandarines
0%
Juste une (...) Noisette/noisettes
0%
(...) Orange/oranges
0%
Jus de (...) Pastèque/pastèques
0%
La (...) Pomme/pommes
0%
Ma (...) Pomme/pommes
0%
(...) des bois Prune/prunes
0%
Un (...) au soleil Raisin/raisins
0%
Aucun quiz correspondant
Distribution des résultats
% des personnes avec chaque résultat
Percentile par nombre de réponses
Votre historique - résultats
Vous n’avez pas pris ce quiz